[Event "Bad Soden U14 op 5th"]
[Site "Bad Soden"]
[Date "2018.10.01"]
[Round "3.14"]
[White "Wolf, Jonathan"]
[Black "Tryfon, Konstantin"]
[Result "0-1"]
[WhiteElo "842"]
[BlackElo "1159"]
[PlyCount "58"]
[EventDate "2018.09.30"]
[EventType "swiss"]
[EventRounds "7"]
[EventCountry "GER"]
[SourceTitle "EXT 2020"]
[Source "ChessBase"]
[SourceDate "2019.10.17"]
[SourceVersion "1"]
[SourceVersionDate "2019.10.17"]
[SourceQuality "1"]

1. d4 d5 2. Nc3 Bf5 3. Nf3 e6 4. e3 f6 5. Bd3 Bg6 6. 0-0 Bd6 7. g3 Nd7 8. Re1 Ne7 9. e4 c6 10. Bf4 e5 11. Be3 0-0 12. dxe5 fxe5 13. Bg5 Nf6 14. exd5 Bh5 15. dxc6 Nxc6 16. Be4 h6 17. Bxf6 Qxf6 18. Re3 Bc5 19. Nd5 Qd6 20. Rd3 Nd4 21. c3 Nxf3+ 22. Bxf3 Rxf3 23. Rxf3 e4 24. Qb3 exf3 25. Nc7+ Bf7 26. Rd1 Bxb3 27. Rxd6 Bxd6 28. Nxa8 Bxa2 29. Nc7 Bxc7 0-1